000 01210nam0a2200337 4500
001 RU\NLR\BIBL_A\012583340
005 20211130113809.0
010 _a978-5-04-119257-0
_93000
021 _aRU
_bКН-П-21-024633
_9КН-П-21-1909
035 _a(NLR Aleph) 012583340
090 _a12528872
_c12528872
100 _a20210820d2021 u y0rusy50 ca
101 1 _arus
_cger
102 _aRU
105 _aa z 000ay
181 0 _ai
_baxxe
182 0 _an
200 1 _aФэй. Сердце из лавы и света
_fКатарина Херцог
_gперевод с немецкого Д. Лунюшкиной
203 _aТекст
_bвизуальный
_cнепосредственный
210 _aМосква
_cЭксмо
_d2021
215 _a413, [3] с.
_cил.
_d21
225 1 _aYoung Adult
_iНемецкое магическое фэнтези
333 _a18+
517 1 _aСердце из лавы и света
686 1 _aШ6(4Ф)07-445{Лх1359.2-62}
700 1 _aХерцог
_bК.
_f1976-
_gКатарина
_3RU\NLR\AUTH\770236673
942 _cBOOK
980 _aNB